000 00359nam a22001457a 4500
003 SGT
082 _a658.404
100 _aSINGH,NARENDER
245 _aPROJECT MANAGEMENT AND CONTROL
260 _aNEW DELHI
_bHPH
_c2009
300 _a598
650 _aMANAGEMENT
653 _aPROJECT FORMATION,APPLICATION AND INVESTMENT DECISION-MAKING
942 _2ddc
_cFCM
999 _c8936
_d8936